[Event "Plzen op 11th"]
[Site "Plzen"]
[Date "2023.03.09"]
[Round "7"]
[White "Marynychenko, Yehor"]
[Black "Boeren, Jurriaan"]
[Result "1-0"]
[WhiteElo "1620"]
[BlackElo "1998"]
[PlyCount "55"]
[EventDate "2023.03.04"]
[EventType "swiss"]
[EventRounds "9"]
[EventCountry "CZE"]
[SourceTitle "CBM 213 Extra"]
[Source "ChessBase"]
[SourceDate "2023.05.31"]
[SourceVersion "1"]
[SourceVersionDate "2023.05.31"]
[SourceQuality "1"]

1. e4 e5 2. Nc3 Nf6 3. f4 d5 4. fxe5 Nxe4 5. Nf3 Be7 6. d4 c5 7. Bb5+ Nc6 8. 0-0 0-0 9. Bxc6 bxc6 10. Be3 cxd4 11. Nxd4 Nxc3 12. bxc3 Qc7 13. Qd2 Bd7 14. Bf4 Qa5 15. Qe3 c5 16. Nb3 Qb6 17. Kh1 a5 18. a4 Rad8 19. Bg5 d4 20. Qf4 Bxg5 21. Qxg5 d3 22. Nxc5 Qxc5 23. Rxf7 Kxf7 24. e6+ Bxe6 25. Qxc5 d2 26. Rd1 Kg8 27. Qe3 Bd7 28. Qxd2 1-0

[Event "CZE-chT2E 2223"]
[Site "Czech Republic"]
[Date "2022.11.06"]
[Round "2.1"]
[White "Buchnicek, Petr"]
[Black "Marynychenko, Yehor"]
[Result "1-0"]
[WhiteElo "2239"]
[BlackElo "1620"]
[PlyCount "101"]
[EventDate "2022.10.16"]
[EventType "team-tourn"]
[EventRounds "11"]
[EventCountry "CZE"]
[SourceTitle "EXT 2024"]
[Source "ChessBase"]
[SourceDate "2023.10.10"]
[SourceVersion "1"]
[SourceVersionDate "2023.10.10"]
[SourceQuality "1"]
[WhiteTeam "Jundrov Jezdci II"]
[BlackTeam "Olomouc"]
[WhiteTeamCountry "CZE"]
[BlackTeamCountry "CZE"]

1. Nf3 Nf6 2. c4 c5 3. g3 Nc6 4. Nc3 g6 5. d3 Bg7 6. Bd2 0-0 7. Qc1 d6 8. Bh6 Bg4 9. Bg2 Qd7 10. Bxg7 Kxg7 11. h3 Bxf3 12. Bxf3 e6 13. b3 d5 14. cxd5 exd5 15. Qb2 d4 16. Ne4 Nxe4 17. Bxe4 Rae8 18. Rc1 Qd6 19. 0-0 Kg8 20. Rc2 Nb4 21. Rd2 Nd5 22. Rc1 b6 23. Bxd5 Qxd5 24. b4 cxb4 25. Qxb4 Qg5 26. h4 Qd5 27. Rc4 Rd8 28. Qe7 Qa5 29. Qb4 Qe5 30. Rdc2 Rd6 31. Rc7 a5 32. Qc4 Qf5 33. Rc6 b5 34. Qc5 Rd5 35. Qe7 Re5 36. Qf6 Qxf6 37. Rxf6 Rfe8 38. Kf1 R8e6 39. Rxe6 fxe6 40. Rc7 b4 41. Rc4 Rd5 42. f4 Kf7 43. Kf2 e5 44. Rc7+ Ke6 45. Rxh7 exf4 46. gxf4 Rc5 47. Ra7 Kf5 48. Kf3 Rb5 49. Rd7 a4 50. Rxd4 b3 51. Rd6 1-0